| 000 | 01342cam a22003494i 4500 | ||
|---|---|---|---|
| 001 | 14588157 | ||
| 003 | EG-ScBUE | ||
| 005 | 20250624082803.0 | ||
| 008 | 061010t2007 gw a f b 001 0 eng c | ||
| 020 | _a9783540383451 (hbk. : acidfree paper) | ||
| 020 | _a354038345X (hbk. : acidfree paper) | ||
| 035 | _a(OCoLC)ocm75927377 | ||
| 040 |
_aEG-ScBUE _beng _erda _cEG-ScBUE _dEG-ScBUE |
||
| 082 | 0 | 4 |
_a537.6226 _222 _bKLI |
| 100 | 1 |
_aKlingshirn, C. F. _q(Claus F.), _d1944- _93714 _eauthor. |
|
| 245 | 1 | 0 |
_aSemiconductor optics / _cClaus Klingshirn. |
| 250 | _aThird edition. | ||
| 264 | 1 |
_aBerlin : _bSpringer, _c[2007] |
|
| 264 | 4 | _cc2007 | |
| 300 |
_axxvii, 809 pages : _billustrations ; _c24 cm |
||
| 336 |
_2rdacontent _atext _btxt |
||
| 337 |
_aunmediated _2rdamedia _bn |
||
| 338 |
_avolume _bnc _2rdacarrier |
||
| 500 | _aThe 2nd ed. published in 2005 was part of the series: Advanced texts in physics. | ||
| 500 | _aWith 380 figures and 20 tables. | ||
| 504 | _aIncludes bibliographical references and index. | ||
| 650 | 7 |
_aSemiconductors _xOptical properties. _93715 _2BUEsh |
|
| 655 | _vReading book | ||
| 856 | 4 | 2 |
_3Publisher description _uhttp://www.loc.gov/catdir/enhancements/fy0825/2006936099-d.html |
| 856 | 4 | 1 |
_3Table of contents only _uhttp://www.loc.gov/catdir/enhancements/fy0825/2006936099-t.html |
| 942 |
_2ddc _cBB |
||
| 999 |
_c11306 _d11306 |
||